Catálogo - Centro de Recursos para el Aprendizaje y la Investigación

Volver al Sitio - CRAI Biblioteca

Talleres integrados de lectoescritura 1: (Registro nro. 113826)

Detalles MARC
000 -CABECERA
campo de control de longitud fija 01749nam a2200325 4500
001 - NÚMERO DE CONTROL
campo de control 113826
003 - IDENTIFICADOR DEL NÚMERO DE CONTROL
campo de control DR-UNIBE
005 - FECHA Y HORA DE LA ÚLTIMA TRANSACCIÓN
campo de control 20250709085519.0
008 - DATOS DE LONGITUD FIJA--INFORMACIÓN GENERAL
campo de control de longitud fija 250703b2009 dr ||||| |||| 00| 0 spa d
040 ## - FUENTE DE LA CATALOGACIÓN
Centro catalogador/agencia de origen BIBLIOTECA UNIBE
Lengua de catalogación spa
Centro/agencia transcriptor BIBLIOTECA UNIBE
Normas de descripción rda
041 ## - CÓDIGO DE LENGUA
Código de lengua del texto/banda sonora o título independiente spa
082 ## - NÚMERO DE LA CLASIFICACIÓN DECIMAL DEWEY
Número de edición 22
Número de clasificación RD 372.8 L732t
100 10 - ENTRADA PRINCIPAL--NOMBRE DE PERSONA
Nombre de persona Lima Jiménez, Dinorah de
9 (RLIN) 69880
Término indicativo de función/relación autor
-- propuesta psicopedagógica de las guías
100 ## - ENTRADA PRINCIPAL--NOMBRE DE PERSONA
Nombre de persona Rodríguez González, Mercedez
9 (RLIN) 197000
Término indicativo de función/relación autor
245 10 - MENCIÓN DE TÍTULO
Título Talleres integrados de lectoescritura 1:
Resto del título mis documentos de identidad, segundo grado /
Mención de responsabilidad, etc. Dinorah de Lima Jiménez, Mercedez Rodríguez González
250 ## - MENCIÓN DE EDICIÓN
Mención de edición tercera edición
260 ## - PUBLICACIÓN, DISTRIBUCIÓN, ETC.
Lugar de publicación, distribución, etc. Santo Domingo :
Nombre del editor, distribuidor, etc. Agencia de los Estados Unidos para el Desarrollo Internacional (USAID) :
-- CETT,
Fecha de publicación, distribución, etc. 2009
300 ## - DESCRIPCIÓN FÍSICA
Extensión 103 páginas :
Otras características físicas ilustraciones , tablas ;
Dimensiones 27 x 21 cm
505 ## - NOTA DE CONTENIDO CON FORMATO
Nota de contenido con formato Introducción |<br/>Sugerencias para el uso de las guías |<br/>¿Qué contiene la guia? |<br/>A. Unidad temática: nuestros derechos |<br/>B. Unidad temática: mi familia |<br/>C. Unidad temática: mi equipo |<br/>Referencias bibliográficas |<br/>Anexo: plantillas de diferentes árboles familiares
650 #7 - PUNTO DE ACCESO ADICIONAL DE MATERIA--TÉRMINO DE MATERIA
Fuente del encabezamiento o término lemb
Término de materia o nombre geográfico como elemento de entrada Lectura
Subdivisión general Educación primaria
9 (RLIN) 197186
650 #7 - PUNTO DE ACCESO ADICIONAL DE MATERIA--TÉRMINO DE MATERIA
Fuente del encabezamiento o término lemb
Término de materia o nombre geográfico como elemento de entrada Comprensión de lectura
Subdivisión general Guías
9 (RLIN) 197187
650 #7 - PUNTO DE ACCESO ADICIONAL DE MATERIA--TÉRMINO DE MATERIA
Fuente del encabezamiento o término lemb
Término de materia o nombre geográfico como elemento de entrada Escritura
Subdivisión general Educación primaria
9 (RLIN) 197188
700 10 - PUNTO DE ACCESO ADICIONAL--NOMBRE DE PERSONA
Nombre de persona Carrasco, Rafaela
9 (RLIN) 196964
Término indicativo de función/relación colaborador
700 10 - PUNTO DE ACCESO ADICIONAL--NOMBRE DE PERSONA
Nombre de persona Montenegro, Liliana
9 (RLIN) 55076
Término indicativo de función/relación colaborador
700 10 - PUNTO DE ACCESO ADICIONAL--NOMBRE DE PERSONA
Nombre de persona Mena, Norma
9 (RLIN) 196965
Término indicativo de función/relación colaborador
700 10 - PUNTO DE ACCESO ADICIONAL--NOMBRE DE PERSONA
Nombre de persona Olloqui, Marta de
9 (RLIN) 196988
Término indicativo de función/relación diseñador
-- diagramador
-- ilustrador
700 10 - PUNTO DE ACCESO ADICIONAL--NOMBRE DE PERSONA
Nombre de persona Cepeda, Frank E.
9 (RLIN) 196989
Término indicativo de función/relación diseñador
-- diagramador
-- ilustrador
700 10 - PUNTO DE ACCESO ADICIONAL--NOMBRE DE PERSONA
Nombre de persona Herrera Chez, Homero
9 (RLIN) 196990
Término indicativo de función/relación diseñador
-- diagramador
-- ilustrador
942 ## - ELEMENTOS DE PUNTO DE ACCESO ADICIONAL (KOHA)
Fuente del sistema de clasificación o colocación Sistema de Clasificación Decimal Dewey
Tipo de ítem Koha Libro (general)
Existencias
Estado de retiro Estado de pérdida Fuente del sistema de clasificación o colocación No para préstamo Código de colección Localización permanente Fecha de adquisición Total de préstamos Signatura topográfica completa Código de barras Fecha visto por última vez Número de copia Precio válido a partir de Tipo de ítem Koha
  Disponible Sistema de Clasificación Decimal Dewey   General - Libros dominicanos Biblioteca Central UNIBE 10/06/2025   RD 372.8 L732t 250727 03/07/2025 Ej. 1 03/07/2025 Libro (general)